000 003830000a22001570004500
001 10179
090 _a10179
100 _a20190416 frey50
102 1 _aPT
200 _aMemórias
_fServiço Meteorológico de Angola
207 1 _a1(1964)
207 1 _a1964
207 _a1974
210 1 _aLuanda
_cServiço Meteorológico de Angola
300 _aNº de entrada 5232/A
326 _a
_aG